| 000 | 00848cab a2200277 4500 | ||
|---|---|---|---|
| 001 | WB3123-25 | ||
| 008 | 090401t1995 xxu||||| |||| 00| 0 eng d | ||
| 035 | _a(Sirsi) u3040 | ||
| 041 | _aeng | ||
| 245 | _aRadical policies urged on housing | ||
| 260 | _c1995 | ||
| 350 | _a0 | ||
| 490 |
_aTimes _v14 June 1995, 25(1) |
||
| 520 | _aThe CML has published proposals to help first-time buyers and those with negative equity. "Assistance for home-owners: a new agenda for a changing market". | ||
| 650 | _aCOUNCIL OF MORTGAGE LENDERS | ||
| 650 | _aFIRST-TIME BUYERS | ||
| 650 | _aHOUSING MARKET | ||
| 650 | _aINCOME SUPPORT | ||
| 650 | _aMIRAS | ||
| 650 | _aMORTGAGES | ||
| 650 | _aTAX RELIEF | ||
| 690 | _aHOUSING-FINANCE | ||
| 690 | _aPROPERTY-RESIDENTIAL PROPERTY-RESIDENTIAL PROPERTY MARKET | ||
| 942 | _n0 | ||
| 948 | _c04/03/1997 | ||
| 999 |
_c1834 _d1834 |
||